[Event "ARM-ch (Women) 68th"]
[Site "Yerevan"]
[Date "2013.01.15"]
[Round "4"]
[White "Gasparian, Mariana"]
[Black "Mnatsakanyan, Diana"]
[Result "1-0"]
[WhiteElo "2082"]
[BlackElo "1951"]
[PlyCount "89"]
[EventDate "2013.01.12"]
[EventType "tourn"]
[EventRounds "9"]
[EventCountry "ARM"]
[SourceTitle "CBM 152 Extra"]
[Source "ChessBase"]
[SourceDate "2013.02.25"]
[SourceVersion "1"]
[SourceVersionDate "2013.02.25"]
[SourceQuality "1"]

1. d4 Nf6 2. e3 e6 3. f4 c5 4. Nf3 Nc6 5. c3 d5 6. Bd3 Bd6 7. 0-0 0-0 8. Ne5 Ne4 9. Nd2 f5 10. Nxe4 dxe4 11. Bc4 Nxe5 12. dxe5 Bc7 13. Qe2 a6 14. a4 Kh8 15. g4 g5 16. Kh1 Bd7 17. Bd2 gxf4 18. exf4 fxg4 19. Be3 Qh4 20. Rg1 Rg8 21. Rg3 Rg6 22. Bxc5 Bc6 23. Kg1 Rd8 24. Rd1 Bxa4 25. Rxd8+ Qxd8 26. b3 Bc6 27. Rxg4 Bb6 28. Bxb6 Qxb6+ 29. Kf1 Rxg4 30. Qxg4 Qe3 31. Bxe6 Qc1+ 32. Kg2 e3+ 33. Kh3 Qf1+ 34. Kh4 Qf2+ 35. Kh3 Qf1+ 36. Kh4 Qf2+ 37. Qg3 Bf3 38. f5 Qxg3+ 39. Kxg3 e2 40. Kf2 Kg7 41. Bc4 b5 42. Bxe2 Be4 43. f6+ Kf7 44. Ke3 Bd5 45. b4 1-0

[Event "ARM-ch (Women) 68th"]
[Site "Yerevan"]
[Date "2013.01.13"]
[Round "2"]
[White "Ghambaryan, Hasmik"]
[Black "Mnatsakanyan, Diana"]
[Result "1/2-1/2"]
[WhiteElo "1953"]
[BlackElo "1951"]
[PlyCount "35"]
[EventDate "2013.01.12"]
[EventType "tourn"]
[EventRounds "9"]
[EventCountry "ARM"]
[SourceTitle "CBM 152 Extra"]
[Source "ChessBase"]
[SourceDate "2013.02.25"]
[SourceVersion "1"]
[SourceVersionDate "2013.02.25"]
[SourceQuality "1"]

1. e4 d5 2. exd5 Nf6 3. Nc3 Nxd5 4. Nxd5 Qxd5 5. d4 Nc6 6. Be3 Bf5 7. c3 0-0-0 8. Nf3 f6 9. Qa4 a6 10. b4 e5 11. 0-0-0 exd4 12. Nxd4 Nxd4 13. Rxd4 Qe5 14. Qd1 Be7 15. Bd3 Bxd3 16. Qxd3 Rxd4 17. Qxd4 Qxd4 18. Bxd4 1/2-1/2

[Event "ARM-ch (Women) 68th"]
[Site "Yerevan"]
[Date "2013.01.12"]
[Round "1"]
[White "Mnatsakanyan, Diana"]
[Black "Hairapetian, Anna"]
[Result "0-1"]
[WhiteElo "1951"]
[BlackElo "2199"]
[PlyCount "50"]
[EventDate "2013.01.12"]
[EventType "tourn"]
[EventRounds "9"]
[EventCountry "ARM"]
[SourceTitle "CBM 152 Extra"]
[Source "ChessBase"]
[SourceDate "2013.02.25"]
[SourceVersion "1"]
[SourceVersionDate "2013.02.25"]
[SourceQuality "1"]

1. d4 Nf6 2. Nf3 g6 3. Bg5 Bg7 4. c3 d5 5. Nbd2 b6 6. e3 Bb7 7. Bd3 0-0 8. 0-0 Ne4 9. Bh4 Nd7 10. Qc2 Ndf6 11. a4 c5 12. dxc5 Nxc5 13. Rfd1 Nxd3 14. Qxd3 Rc8 15. Nb3 Ne4 16. a5 Re8 17. Nfd4 Nc5 18. Qc2 a6 19. axb6 Qxb6 20. Nxc5 Rxc5 21. Nb3 Rb5 22. Ra3 e5 23. c4 dxc4 24. Qxc4 Rc8 25. Qa4 Bf8 0-1

[Event "Wch U18 Girls"]
[Site "Kemer"]
[Date "2009.11.19"]
[Round "8"]
[White "Mnatsakanyan, Diana"]
[Black "Saric, Zrinka"]
[Result "1-0"]
[WhiteElo "1973"]
[BlackElo "2089"]
[PlyCount "67"]
[EventDate "2009.11.12"]
[EventType "swiss"]
[EventRounds "11"]
[EventCountry "TUR"]
[SourceTitle "EXT 2010"]
[Source "ChessBase"]
[SourceDate "2010.11.25"]
[SourceVersion "1"]
[SourceVersionDate "2010.11.25"]
[SourceQuality "1"]

1. e4 c5 2. Nf3 Nc6 3. c3 d5 4. exd5 Qxd5 5. d4 Bg4 6. dxc5 Qxc5 7. Be3 Qa5 8. Be2 e6 9. 0-0 Nf6 10. b4 Qc7 11. Na3 Rd8 12. Nb5 Qb8 13. Qa4 Nd7 14. Bxa7 Nxa7 15. Qxa7 Qxa7 16. Nxa7 Be7 17. a4 0-0 18. Nb5 Bf6 19. h3 Bh5 20. Nfd4 Bxe2 21. Nxe2 Nb6 22. Ng3 Rd3 23. Ne4 Be7 24. a5 Nc4 25. a6 bxa6 26. Rxa6 Rb8 27. Nd4 Rc8 28. b5 f5 29. Nc6 Bf8 30. Ng5 Rxc3 31. Nxe6 Na3 32. Ncd4 Rb8 33. b6 Nc4 34. Ra3 1-0

[Event "Wch U18 Girls"]
[Site "Kemer"]
[Date "2009.11.15"]
[Round "4"]
[White "Mnatsakanyan, Diana"]
[Black "Ursu, Ana Maria"]
[Result "0-1"]
[WhiteElo "1973"]
[BlackElo "1876"]
[PlyCount "128"]
[EventDate "2009.11.12"]
[EventType "swiss"]
[EventRounds "11"]
[EventCountry "TUR"]
[SourceTitle "EXT 2010"]
[Source "ChessBase"]
[SourceDate "2010.11.25"]
[SourceVersion "1"]
[SourceVersionDate "2010.11.25"]
[SourceQuality "1"]

1. e4 e6 2. d4 d5 3. Nc3 Nf6 4. Bg5 Bb4 5. exd5 Qxd5 6. Bxf6 Bxc3+ 7. bxc3 gxf6 8. Nf3 Nd7 9. g3 Nb6 10. Qd3 Bd7 11. Be2 Bc6 12. Kd2 0-0-0 13. Rhb1 Qa5 14. Kd1 Na4 15. Rb3 Nc5 16. Qe3 Nxb3 17. cxb3 Qd5 18. Kc2 Qe4+ 19. Qxe4 Bxe4+ 20. Kb2 Rd5 21. Nd2 Bg6 22. Bf3 Rd7 23. h4 h5 24. Ne4 Bxe4 25. Bxe4 f5 26. Bf3 c5 27. Rd1 cxd4 28. cxd4 Kc7 29. Kc3 Kd6 30. Kd3 Rc7 31. Rd2 Ke7 32. Ke3 Rc3+ 33. Kf4 b6 34. Be2 Kf6 35. Bc4 Rg8 36. Be2 Rh8 37. Bd3 Rd8 38. Ke3 Rd5 39. f4 Rd8 40. Re2 Rc1 41. Rg2 Ra1 42. Bc4 Re1+ 43. Be2 Kg6 44. Kd2 Ra1 45. Ke3 Rc1 46. Bc4 Re1+ 47. Re2 Rxe2+ 48. Kxe2 Kf6 49. Ke3 Rg8 50. Kf2 a5 51. Be2 Rc8 52. Bc4 b5 53. Bxb5 Rc2+ 54. Ke3 Rxa2 55. Be2 Rb2 56. Bd1 Rg2 57. Bxh5 Rxg3+ 58. Bf3 Rg1 59. d5 Rb1 60. d6 Rxb3+ 61. Ke2 Rb6 62. d7 Ke7 63. Ke3 Rb3+ 64. Kf2 Kxd7 0-1

[Event "Wch U18 Girls"]
[Site "Kemer"]
[Date "2009.11.13"]
[Round "2"]
[White "Mnatsakanyan, Diana"]
[Black "Finnbogadottir, Tinna Kristin"]
[Result "1-0"]
[WhiteElo "1973"]
[BlackElo "1710"]
[PlyCount "120"]
[EventDate "2009.11.12"]
[EventType "swiss"]
[EventRounds "11"]
[EventCountry "TUR"]
[SourceTitle "EXT 2010"]
[Source "ChessBase"]
[SourceDate "2010.11.25"]
[SourceVersion "1"]
[SourceVersionDate "2010.11.25"]
[SourceQuality "1"]

1. e4 c5 2. Nf3 g6 3. d4 cxd4 4. Nxd4 Nc6 5. Nc3 Bg7 6. Be3 Nf6 7. f3 0-0 8. Qd2 d5 9. 0-0-0 dxe4 10. fxe4 Ng4 11. Nxc6 Qxd2+ 12. Kxd2 bxc6 13. Bc5 Rd8+ 14. Bd3 e6 15. Ke2 Bd4 16. Bxd4 Rxd4 17. h3 Ne5 18. Ke3 Rb4 19. b3 c5 20. a3 Rbb8 21. Na4 Nxd3 22. Rxd3 c4 23. Rd8+ Kg7 24. bxc4 Ba6 25. Rxb8 Rxb8 26. c5 e5 27. Rd1 Rb5 28. Rd5 Ra5 29. Nc3 Rxa3 30. Kd2 Ra1 31. c6 Rg1 32. g4 Rg2+ 33. Kc1 Rg3 34. Kb2 Rxh3 35. Nb5 h5 36. g5 Rg3 37. Nd6 Rxg5 38. Ra5 Be2 39. c7 Bg4 40. Nf5+ Rxf5 41. c8Q Rf4 42. Qb7 h4 43. Qd5 f6 44. Rxa7+ Kh6 45. Qd2 h3 46. Ra3 Kh5 47. Re3 Bf3 48. Qh2 Bg2 49. c4 g5 50. c5 g4 51. c6 Rxe4 52. Rxe4 Bxe4 53. c7 Bb7 54. Qg3 e4 55. Qf4 e3 56. Qxf6 g3 57. Qf5+ Kh4 58. Qf4+ Kh5 59. Qxg3 Bc8 60. Qxe3 Kg4 1-0

[Event "Wch U18 Girls"]
[Site "Vung Tau"]
[Date "2008.10.29"]
[Round "10"]
[White "Mnatsakanyan, Diana"]
[Black "Alavi Hour, Homa"]
[Result "1/2-1/2"]
[WhiteElo "1971"]
[BlackElo "1863"]
[PlyCount "154"]
[EventDate "2008.10.20"]
[EventType "swiss"]
[EventRounds "11"]
[EventCountry "VIE"]
[SourceTitle "EXT 2009"]
[Source "ChessBase"]
[SourceDate "2008.11.26"]
[SourceVersion "1"]
[SourceVersionDate "2008.11.26"]
[SourceQuality "1"]

1. e4 c6 2. d4 d5 3. Nc3 dxe4 4. Nxe4 Nd7 5. Nf3 Ngf6 6. Nxf6+ Nxf6 7. Ne5 e6 8. Bc4 Bd6 9. 0-0 Bxe5 10. dxe5 Qxd1 11. Rxd1 Nd5 12. Bg5 h6 13. Bh4 g5 14. Bg3 Ke7 15. Rd4 b5 16. Bb3 Bb7 17. c4 Nb6 18. cxb5 cxb5 19. f3 Bd5 20. Bxd5 Nxd5 21. Rad1 Rac8 22. h4 Rc2 23. R1d2 Rhc8 24. Kf2 R8c4 25. hxg5 hxg5 26. b3 R4c3 27. Ke2 Rc1 28. Rg4 Rg1 29. Bf2 Rh1 30. Bxa7 Nf4+ 31. Kf2 Rcc1 32. Rxg5 Nh5 33. Rg8 Rhf1+ 34. Ke3 Rfe1+ 35. Kd4 Red1 36. Rxd1 Rxd1+ 37. Ke4 f5+ 38. Ke3 Re1+ 39. Kd4 Rd1+ 40. Kc3 Rd5 41. Bb8 Nf4 42. g3 Ne2+ 43. Kb4 Nc1 44. Ka5 Nxa2 45. b4 Nc3 46. Rg7+ Kf8 47. Rg6 Kf7 48. Rf6+ Ke7 49. g4 Rd8 50. Ba7 Ra8 51. Ka6 fxg4 52. fxg4 Rg8 53. Bc5+ Kd7 54. Rf7+ Kc6 55. Re7 Rg6 56. Bd6 Nd5 57. Re8 Kd7 58. Rh8 Rxg4 59. Kxb5 Nc3+ 60. Kb6 Nd5+ 61. Ka5 Rg2 62. Rh7+ Kc8 63. Kb5 Rc2 64. Bc5 Kb8 65. Rd7 Kc8 66. Rd6 Kb7 67. Rd7+ Ka8 68. Rg7 Kb8 69. Ka4 Rb2 70. Bd6+ Ka8 71. Rg1 Rc2 72. b5 Kb7 73. Rg6 Rb2 74. Rxe6 Nb6+ 75. Ka5 Nc4+ 76. Ka4 Nb6+ 77. Ka3 Nc4+ 1/2-1/2

[Event "Wch U18 Girls"]
[Site "Vung Tau"]
[Date "2008.10.26"]
[Round "7"]
[White "Preethi, Rajkumar"]
[Black "Mnatsakanyan, Diana"]
[Result "1-0"]
[WhiteElo "2156"]
[BlackElo "1971"]
[PlyCount "77"]
[EventDate "2008.10.20"]
[EventType "swiss"]
[EventRounds "11"]
[EventCountry "VIE"]
[SourceTitle "EXT 2009"]
[Source "ChessBase"]
[SourceDate "2008.11.26"]
[SourceVersion "1"]
[SourceVersionDate "2008.11.26"]
[SourceQuality "1"]

1. e4 d5 2. exd5 Nf6 3. d4 Bg4 4. f3 Bf5 5. Bb5+ Nbd7 6. c4 a6 7. Bxd7+ Qxd7 8. Ne2 e6 9. dxe6 Qxe6 10. b3 0-0-0 11. 0-0 Bc5 12. Kh1 Rhe8 13. Nbc3 Ng8 14. Bf4 Ne7 15. Re1 Qg6 16. Qd2 Nc6 17. Nd5 Bd6 18. Bxd6 Qxd6 19. Rad1 Re6 20. Ng3 Bg6 21. b4 h5 22. Ne4 Bxe4 23. fxe4 Rg6 24. Rc1 Qd7 25. b5 Nb8 26. a4 Re8 27. Re3 Rg4 28. Rce1 Re6 29. Qb4 Qd8 30. Qc3 h4 31. h3 Rg5 32. Rf1 Qe8 33. Qe1 Reg6 34. Qxh4 axb5 35. axb5 f6 36. Rf2 Nd7 37. Qf4 Qd8 38. Ra3 Nb8 39. Ra8 1-0

[Event "Wch U20 Girls 25th"]
[Site "Yerevan"]
[Date "2007.10.06"]
[Round "4"]
[White "Hamza, Amira"]
[Black "Mnatsakanyan, Diana"]
[Result "0-1"]
[WhiteElo "1961"]
[BlackElo "1970"]
[PlyCount "94"]
[EventDate "2007.10.03"]
[EventType "swiss"]
[EventRounds "13"]
[EventCountry "ARM"]
[SourceTitle "CBM 120 Extra"]
[Source "ChessBase"]
[SourceDate "2007.11.01"]
[SourceVersion "1"]
[SourceVersionDate "2007.11.01"]
[SourceQuality "1"]

1. d4 e6 2. c4 b6 3. Nc3 Bb7 4. a3 Nf6 5. Bg5 Be7 6. f3 d5 7. e3 0-0 8. Bd3 Nbd7 9. Nge2 c5 10. 0-0 Rc8 11. cxd5 Nxd5 12. Bxe7 Qxe7 13. Nxd5 exd5 14. Qd2 Rfe8 15. Kf2 Qh4+ 16. Kg1 Rc6 17. dxc5 Rh6 18. h3 Nxc5 19. Rae1 Bc8 20. Bb5 Rd8 21. Qd4 Qg5 22. Qf4 Qg6 23. Qc7 Ne6 24. Qg3 Qc2 25. Qe5 a6 26. Rc1 Qb3 27. Bc6 Qd3 28. Ng3 f6 29. Qc3 Qg6 30. Kh2 d4 31. exd4 Nf4 32. Be4 Qg5 33. Qb3+ Be6 34. Qxb6 Rf8 35. Rc5 f5 36. Rf2 Rg6 37. Nxf5 Bxf5 38. Qb3+ Ne6 39. Bxf5 Rxf5 40. Re2 Rxc5 41. dxc5 h6 42. f4 Qxf4+ 43. g3 Qf6 44. c6 Kh7 45. Qb7 Qf3 46. Rg2 Nf4 47. Rg1 Qf2+ 0-1

[Event "EU-ch U16 Girls 17th"]
[Site "Sibenik"]
[Date "2007.09.23"]
[Round "9"]
[White "Mnatsakanyan, Diana"]
[Black "Agrest, Inna"]
[Result "1-0"]
[WhiteElo "1970"]
[BlackElo "2085"]
[PlyCount "73"]
[EventDate "2007.09.14"]
[EventType "swiss"]
[EventRounds "9"]
[EventCountry "CRO"]
[SourceTitle "CBM 120 Extra"]
[Source "ChessBase"]
[SourceDate "2007.11.01"]
[SourceVersion "1"]
[SourceVersionDate "2007.11.01"]
[SourceQuality "1"]

1. e4 e5 2. Nf3 Nc6 3. Bb5 a6 4. Ba4 Nf6 5. 0-0 b5 6. Bb3 Bc5 7. a4 Rb8 8. axb5 axb5 9. Nxe5 Nxe5 10. d4 Bxd4 11. Qxd4 d6 12. c3 0-0 13. Bg5 h6 14. Bh4 c5 15. Qe3 Bb7 16. f3 Re8 17. Rd1 Qe7 18. Nd2 Ng6 19. Bg3 Nh5 20. Nf1 Ne5 21. Qf2 Nxg3 22. Qxg3 c4 23. Bc2 h5 24. Ne3 h4 25. Qf2 g6 26. Ra7 Qf6 27. f4 Nd3 28. Bxd3 cxd3 29. Ng4 Qh8 30. e5 dxe5 31. fxe5 Red8 32. Rf1 Rf8 33. Nf6+ Kg7 34. Nd7 Qh5 35. Qf6+ Kg8 36. Nxf8 Rxf8 37. Rxb7 1-0

[Event "EU-ch U16 Girls 17th"]
[Site "Sibenik"]
[Date "2007.09.21"]
[Round "8"]
[White "Petrova, Kristyna"]
[Black "Mnatsakanyan, Diana"]
[Result "1-0"]
[WhiteElo "2164"]
[BlackElo "1970"]
[PlyCount "101"]
[EventDate "2007.09.14"]
[EventType "swiss"]
[EventRounds "9"]
[EventCountry "CRO"]
[SourceTitle "CBM 120 Extra"]
[Source "ChessBase"]
[SourceDate "2007.11.01"]
[SourceVersion "1"]
[SourceVersionDate "2007.11.01"]
[SourceQuality "1"]

1. e4 e6 2. d4 d5 3. Nc3 Nf6 4. e5 Nfd7 5. f4 c5 6. Nf3 Nc6 7. Be3 Qb6 8. Qd2 Be7 9. 0-0-0 c4 10. Bxc4 dxc4 11. d5 Bc5 12. Bxc5 Nxc5 13. dxc6 0-0 14. c7 Qxc7 15. Nb5 Qb6 16. Nd6 Bd7 17. Nxc4 Qa6 18. Na3 Rac8 19. Rhe1 b5 20. Kb1 Rfd8 21. Qb4 Qb6 22. Rd6 Bc6 23. Red1 Rxd6 24. exd6 Bd5 25. Qd4 Qa6 26. Ne5 Ne4 27. d7 Rd8 28. Qb4 Qd6 29. Qa5 Qb6 30. Qxb6 axb6 31. Nxb5 f6 32. Ng4 Rxd7 33. Ne3 Kf7 34. Nxd5 Rxd5 35. Rxd5 exd5 36. c3 Ke6 37. Nc7+ Kd6 38. Ne8+ Kc5 39. Nxg7 Nd2+ 40. Kc2 Nf1 41. Kd3 Nxh2 42. b4+ Kc6 43. a4 Ng4 44. Kd4 Nf2 45. Nf5 Kd7 46. Ne3 Kc6 47. Nxd5 Ng4 48. b5+ Kb7 49. Ke4 Nf2+ 50. Kf5 Nd3 51. Kxf6 1-0

[Event "EU-ch U16 Girls 17th"]
[Site "Sibenik"]
[Date "2007.09.20"]
[Round "7"]
[White "Mnatsakanyan, Diana"]
[Black "Ildzhirinova, Saglara"]
[Result "1-0"]
[WhiteElo "1970"]
[BlackElo "2106"]
[PlyCount "109"]
[EventDate "2007.09.14"]
[EventType "swiss"]
[EventRounds "9"]
[EventCountry "CRO"]
[SourceTitle "CBM 120 Extra"]
[Source "ChessBase"]
[SourceDate "2007.11.01"]
[SourceVersion "1"]
[SourceVersionDate "2007.11.01"]
[SourceQuality "1"]

1. e4 c5 2. Nf3 d6 3. d4 cxd4 4. Nxd4 Nf6 5. Nc3 a6 6. Bc4 e6 7. Bb3 Be7 8. g4 h6 9. Be3 Nc6 10. Rg1 Qc7 11. Qe2 Bd7 12. 0-0-0 0-0-0 13. h4 h5 14. g5 Ng4 15. f4 Na5 16. f5 Nxb3+ 17. Nxb3 Bc6 18. Bd4 exf5 19. exf5 Rhe8 20. Qc4 d5 21. Qd3 Bd6 22. Kb1 Bh2 23. Rge1 Bg3 24. Rxe8 Rxe8 25. Bb6 Qxb6 26. Qxg3 Re5 27. f6 gxf6 28. gxf6 Qd8 29. Rf1 Re6 30. Rf5 Nxf6 31. Nd4 Re8 32. a3 Bd7 33. Rg5 Bg4 34. Nf5 Bxf5 35. Rxf5 Re6 36. Qg7 Qe7 37. Nxd5 Nxd5 38. Rxd5 Rd6 39. Re5 Qc7 40. Re8+ Rd8 41. Rxd8+ Qxd8 42. Qc3+ Kb8 43. Qe5+ Qc7 44. Qxh5 Qf4 45. Qh8+ Ka7 46. b3 Qd6 47. h5 f6 48. Qh7 Qxa3 49. h6 Qa5 50. Qe7 Qg5 51. h7 Qh5 52. Qe3+ Ka8 53. Qd3 Qe8 54. Qg3 Ka7 55. Qg1+ 1-0

[Event "EU-ch U16 Girls 17th"]
[Site "Sibenik"]
[Date "2007.09.16"]
[Round "3"]
[White "Mnatsakanyan, Diana"]
[Black "Tsirulnik, Maritsa"]
[Result "1-0"]
[WhiteElo "1970"]
[BlackElo "2095"]
[PlyCount "157"]
[EventDate "2007.09.14"]
[EventType "swiss"]
[EventRounds "9"]
[EventCountry "CRO"]
[SourceTitle "CBM 120 Extra"]
[Source "ChessBase"]
[SourceDate "2007.11.01"]
[SourceVersion "1"]
[SourceVersionDate "2007.11.01"]
[SourceQuality "1"]

1. e4 c5 2. Nf3 e6 3. d3 Nc6 4. g3 d5 5. Qe2 Nge7 6. Bg2 g6 7. 0-0 Bg7 8. exd5 exd5 9. c4 0-0 10. Bf4 Re8 11. Nc3 dxc4 12. dxc4 Nf5 13. Qc2 Nfd4 14. Qd2 Nxf3+ 15. Bxf3 Be6 16. Nd5 Nd4 17. Bg2 Bxd5 18. cxd5 Re2 19. Qd3 Rxb2 20. Rfb1 Ne2+ 21. Kf1 Nxf4 22. gxf4 Rb8 23. Rxb2 Bxb2 24. Rb1 Bd4 25. Qg3 Qd6 26. Kg1 b5 27. Qg4 b4 28. f5 Be5 29. h4 Qd7 30. Be4 Rb6 31. h5 Kf8 32. Rd1 gxh5 33. Qxh5 Bg7 34. Kg2 Rh6 35. Qg5 Qd6 36. f4 Qe7 37. Bf3 Ra6 38. Rd2 Qxg5+ 39. fxg5 Bd4 40. Rc2 Be3 41. Be2 Ra3 42. d6 Bxg5 43. Rxc5 Rxa2 44. Kf3 b3 45. Bc4 Ra3 46. Kg4 h6 47. Rc8+ Kg7 48. Rc7 Kf6 49. Bxf7 b2 50. d7 Rd3 51. Ba2 a5 52. Rb7 Rd4+ 53. Kf3 Bc1 54. Be6 Rd3+ 55. Ke4 Rd1 56. Rb8 Kg7 57. Rg8+ Kh7 58. Rb8 Kg7 59. Rg8+ Kh7 60. Rb8 Re1+ 61. Kd5 Rd1+ 62. Kc6 Kg7 63. Bd5 Bg5 64. Rxb2 Rc1+ 65. Kd6 Bf4+ 66. Ke7 Bg5+ 67. Ke8 Rd1 68. Be6 Rd4 69. Rb7 Kh8 70. Kf7 Rf4 71. Kg6 Bd8 72. Rb8 Rg4+ 73. Kf7 Rg7+ 74. Ke8 Bg5 75. d8Q Bxd8 76. Rxd8 Rg1 77. f6 Rf1 78. Ke7+ Kh7 79. f7 1-0

[Event "EU-ch U16 Girls 17th"]
[Site "Sibenik"]
[Date "2007.09.15"]
[Round "2"]
[White "Hitter, Gabriela"]
[Black "Mnatsakanyan, Diana"]
[Result "1/2-1/2"]
[WhiteElo "2083"]
[BlackElo "1970"]
[PlyCount "84"]
[EventDate "2007.09.14"]
[EventType "swiss"]
[EventRounds "9"]
[EventCountry "CRO"]
[SourceTitle "CBM 120 Extra"]
[Source "ChessBase"]
[SourceDate "2007.11.01"]
[SourceVersion "1"]
[SourceVersionDate "2007.11.01"]
[SourceQuality "1"]

1. e4 e6 2. d4 d5 3. exd5 exd5 4. Nf3 Nf6 5. c4 Bb4+ 6. Nc3 0-0 7. h3 Be6 8. c5 b6 9. cxb6 axb6 10. Bg5 h6 11. Bf4 c5 12. Qb3 Nc6 13. Bb5 Na7 14. Be2 Re8 15. Be3 Qe7 16. 0-0 Nc8 17. Bb5 c4 18. Qc2 Bd7 19. Bxd7 Qxd7 20. Ne5 Qe6 21. Ne2 b5 22. Nf4 Qb6 23. Qe2 Nd6 24. Qf3 Qb7 25. Ng4 Nde4 26. Nxf6+ Nxf6 27. a3 Bd6 28. Ne2 Qe7 29. Nc3 b4 30. axb4 Qe6 31. b5 Rxa1 32. Rxa1 Rb8 33. Ra6 Ne4 34. Bf4 Nxc3 35. Qxc3 Rd8 36. Qa5 Qe7 37. Bxd6 Rxd6 38. Rxd6 Qxd6 39. Qa8+ Kh7 40. Qc6 Qf4 41. Qxd5 Qc1+ 42. Kh2 Qf4+ 1/2-1/2

[Event "EU-ch U16 Girls"]
[Site "Herceg Novi"]
[Date "2006.09.18"]
[Round "8"]
[White "Robles Garcia, Claudia"]
[Black "Mnatsakanyan, Diana"]
[Result "1-0"]
[WhiteElo "2153"]
[BlackElo "1939"]
[PlyCount "67"]
[EventDate "2006.09.10"]
[EventType "swiss"]
[EventRounds "9"]
[EventCountry "MNE"]
[SourceTitle "CBM 114 Extra"]
[Source "ChessBase"]
[SourceDate "2006.11.03"]
[SourceVersion "1"]
[SourceVersionDate "2006.11.03"]
[SourceQuality "1"]

1. e4 d5 2. exd5 Nf6 3. d4 Nxd5 4. c4 Nb6 5. Nf3 g6 6. Nc3 Bg7 7. Be3 0-0 8. h3 Nc6 9. Rc1 e6 10. Be2 Ne7 11. 0-0 Nf5 12. Bg5 Qe8 13. Nb5 Rb8 14. Bf4 Bh6 15. Bxh6 Nxh6 16. Nxc7 Qe7 17. Nb5 Bd7 18. Nc3 Bc6 19. Ne5 Rfd8 20. c5 Nd5 21. Qd2 Nf5 22. Rfd1 Qh4 23. Bg4 Qf6 24. Ne4 Qe7 25. Re1 Nf6 26. Bxf5 exf5 27. Nd6 Ne4 28. Qf4 Rxd6 29. cxd6 Qxd6 30. Nxg6 Qxf4 31. Nxf4 Rd8 32. d5 Bb5 33. Rc7 Ba6 34. a4 1-0

[Event "EU-ch U16 Girls"]
[Site "Herceg Novi"]
[Date "2006.09.16"]
[Round "6"]
[White "Khutsidze, Sopo"]
[Black "Mnatsakanyan, Diana"]
[Result "1/2-1/2"]
[WhiteElo "2011"]
[BlackElo "1939"]
[PlyCount "51"]
[EventDate "2006.09.10"]
[EventType "swiss"]
[EventRounds "9"]
[EventCountry "MNE"]
[SourceTitle "CBM 114 Extra"]
[Source "ChessBase"]
[SourceDate "2006.11.03"]
[SourceVersion "1"]
[SourceVersionDate "2006.11.03"]
[SourceQuality "1"]

1. d4 e6 2. c4 b6 3. Nc3 Bb7 4. a3 Nf6 5. Nf3 Be7 6. Bf4 0-0 7. e3 a6 8. Bd3 d5 9. cxd5 exd5 10. 0-0 c5 11. Rc1 Nbd7 12. Bb1 Re8 13. Ne5 Bd6 14. Nd3 cxd4 15. Bxd6 dxc3 16. Rxc3 d4 17. Bc7 Qc8 18. Rc1 dxe3 19. fxe3 Be4 20. Bf4 Qb7 21. Rc7 Qd5 22. Qe2 Qe6 23. Bg5 h6 24. Bxf6 Nxf6 25. Nf4 Qd6 26. Rc4 1/2-1/2

[Event "EU-ch U16 Girls"]
[Site "Herceg Novi"]
[Date "2006.09.13"]
[Round "4"]
[White "Topic, Jelena"]
[Black "Mnatsakanyan, Diana"]
[Result "0-1"]
[WhiteElo "1872"]
[BlackElo "1939"]
[PlyCount "34"]
[EventDate "2006.09.10"]
[EventType "swiss"]
[EventRounds "9"]
[EventCountry "MNE"]
[SourceTitle "CBM 114 Extra"]
[Source "ChessBase"]
[SourceDate "2006.11.03"]
[SourceVersion "1"]
[SourceVersionDate "2006.11.03"]
[SourceQuality "1"]

1. e4 e6 2. d4 d5 3. exd5 exd5 4. Bd3 Nf6 5. h3 Bd6 6. Qf3 c5 7. c3 cxd4 8. cxd4 Nc6 9. Qe2+ Be6 10. Nf3 0-0 11. 0-0 Qd7 12. Nc3 Bxh3 13. gxh3 Qxh3 14. Nb5 Ng4 15. Bf5 Rae8 16. Qd1 Bh2+ 17. Kh1 Re1 0-1

[Event "EU-ch U16 Girls"]
[Site "Herceg Novi"]
[Date "2006.09.10"]
[Round "1"]
[White "Mnatsakanyan, Diana"]
[Black "Rakic, Marija"]
[Result "0-1"]
[WhiteElo "1939"]
[BlackElo "2128"]
[PlyCount "50"]
[EventDate "2006.09.10"]
[EventType "swiss"]
[EventRounds "9"]
[EventCountry "MNE"]
[SourceTitle "CBM 114 Extra"]
[Source "ChessBase"]
[SourceDate "2006.11.03"]
[SourceVersion "1"]
[SourceVersionDate "2006.11.03"]
[SourceQuality "1"]

1. e4 Nf6 2. Nc3 d6 3. d4 g6 4. Nf3 Bg7 5. Bc4 0-0 6. h3 c6 7. 0-0 Qc7 8. Be3 Nbd7 9. Qd2 b5 10. Bd3 e5 11. Bh6 a6 12. Qg5 c5 13. dxc5 dxc5 14. Qh4 Bb7 15. Ng5 Nh5 16. Bxg7 Kxg7 17. Nd5 Bxd5 18. exd5 Ndf6 19. Be4 Rad8 20. Rad1 h6 21. Nf3 Nf4 22. Nd2 g5 23. Qg3 Ne2+ 24. Kh2 Nxg3 25. fxg3 Nxe4 0-1